Υπολογιστικά πακέτα και οι οικονομικές τους εφαρμογές

Αποθηκεύτηκε σε:
Λεπτομέρειες βιβλιογραφικής εγγραφής
Κύριος συγγραφέας: Τσιώνας, Ευθύμιος Γ.
Μορφή: Βιβλίο
Γλώσσα:Greek
Δημοσίευση: Αθήνα : ΟΠΑ, c2009
Θέματα:
Ετικέτες: Προσθήκη ετικέτας
Δεν υπάρχουν, Καταχωρήστε ετικέτα πρώτοι!

MARC

LEADER 00000cam a2200000 i 4500
001 1/11563
008 110117s2009 gre d
035 |l 10109457 
040 |a GR-MY-UA  |b gre  |e aacr 
041 0 |a gre 
082 0 |a 519.50285  |2 (22) 
100 1 |a Τσιώνας, Ευθύμιος Γ. 
245 1 0 |a Υπολογιστικά πακέτα και οι οικονομικές τους εφαρμογές /  |c Ευθύμιος Γ. Τσιώνας 
260 |a Αθήνα :   |b ΟΠΑ,   |c c2009 
300 |a 336 σ.;  |b εικ.;  |c 25 εκ. 
500 |a Τα πακέτα excel, spss, eviews και gauss στα οικονομικά, την στατιστική και την οικονομετρία 
650 0 0 |a Statistics  |x Computer programs. 
650 0 0 |a Statistics  |x Data processing. 
852 |a INST  |b CHIOS  |e 20110117  |h 519.50285 ΤΣΙ  |p 005200031328  |q 005200031328  |t BK  |y 0 
852 |a INST  |b CHIOS  |e 20110117  |h 519.50285 ΤΣΙ  |p 005200031329  |q 005200031329  |t BK  |y 0 
901 |a BIBL2-2011-1 
909 |a Χ  |b 149213 
909 |a Χ  |b 149214 
970 |a ΣΠΕΝΤΖΑ  |b ΕΛΕΝΗ  |z 2011/01/17